000 00618nam a2200229Ia 4500
003 OSt
005 20221005072222.0
006 a|||||r|||| 00| 0
007 ta
008 221004b |||||||| |||| 00| 0 eng d
024 _a89476
037 _cTextual
040 _aCRL
_cCRL
_beng
041 _2eng
_aeng
082 _az2(U425).1, P4
100 _aPal Adesh Ed.
_9607017
245 0 _aTheorizing and critiquing indian diaspora
260 _aNew Delhi
_bCreative Books India
_c2004
650 _aPSYCHOLOGY
942 _hz2(U425).1, P4
_cTEXL
_2cc
999 _c979060
_d979060